000 03425cam a22004814i 4500
003 PE-LiUPU
005 20250731173417.0
008 150706s2006 miu r 000 0 spa d
020 _a9780758612434
035 _a(Sirsi) i9780758612434
040 _aPE-LiUPU
_bspa
_cPE-LiUPU
_erda
049 _aPRUA
082 0 4 _a252.625
_bL98
_221
100 1 _aLutero, Martín,
_d1483-1546.,
_eautor.
_91490
245 1 0 _aSermones para semana santa /
_cMartín Lutero.
264 1 _aMissouri :
_bConcordia,
_c2006.
300 _a181 páginas ;
_c23 centímetros
336 _atext
_2rdacontent
337 _aunmediated
_2rdamedia
338 _avolume
_2rdacarrier
505 0 _aDomingo de Ramos de mañana, 21 de marzo de 1529 Mateo 21: 1ss y la confesión -- Domingo de Ramos de tarde, 21 de marzo de 1529 acerca de la recepción de ambas especies -- Lunes de la mañana, semana santa, 22 de marzo de 1529 la santa cena: acerca de la presencia real -- Martes de mañana, semana santa 23 de marzo de 1529 la semana cena: no convertir el sacramento en una obra -- Miércoles de mañana, semana santa, 24 de marzo de 1529 la santa cena: recibida por fe en la palabra -- Jueves santo de mañana, 25 de marzo de 1529 exhortación para la participación en la Santa Cena -- Jueves santo de tarde, 25 de marzo de 1529 la pasión: ungimiento en Betania, la cena de despedida y el lavamiento de los pies -- Viernes santo de mañana, 26 de marzo de 1529 la pasión: Getsemaní -- Viernes santo de tarde, 26 de marzo de 1529 la pasión: juicio y crucifixión -- Sábado santo de mañana, 27 de marzo de 1529 la pasión: palabras desde la cruz -- Sábado santo de tarde, 27 de marzo de 1529 la pasión: palabras desde la cruz, muerte y sepultura -- Domingo de pascua de mañana, 28 de marzo de 1529 la resurrección de Cristo y su significado -- Domingo de pascua de tarde, 28 de marzo de 1529 la resurrección de Cristo, una proclamación -- Lunes de pascua de mañana, 29 de marzo de 1529 la resurrección de Cristo, y la muerte de referencia a la ley -- Lunes de pascua de tarde, 29 de marzo de 1529 Cristo resucitado se aparece a María Magdalena (Juan 20:11-18) -- Martes de pascua de mañana, 30 de marzo de 1529 Cristo resucitado comisiona a los discípulos -- Martes de pascua de tarde, 30 de marzo de 1529 el propósito de la resurrección de Cristo: arrepentimiento y perdón de pecados (Lucas 24:45-47) -- Miércoles de pascua de mañana, 31 de marzo de 1529 la resurrección de la carne (1 Corintios 15:1ss).
526 _aSEG42
526 _aSEG41
526 _aSEG40
526 _aSEG39
526 _aP94
526 _aP87
526 _aP86
526 _aP85
526 _aP77
526 _aP76
526 _aP35
541 _g001-0000567;
650 0 4 _aSermones de Semana Santa.
650 0 4 _aPascua
_xSermones.
650 0 4 _aIglesia Luterana
_xSermones.
910 _agl
_bjv
_clch
_d20120529
942 _2ddc
_cBOOK
949 _a252.625 L98
_wDEWEY
_c1
_i64708
_lCCODEBUL1
_mBUL
_p18.00
_r0
_sY
_tBOOK
_u2015-7-6
_xTEOLOGIA
_PP35
_o.STAFF. Colección Teología
994 _aC0
_bPEPRU
596 _a1
999 _a252.625 L98
_wDEWEY
_c53412
_i64708
_d53412
_e2019-10-29
_f2021-11-10
_g5
_lCCODEBUL1
_mBUL
_n3
_p18.00
_r0
_sY
_tBOOK
_u2015-7-6
_xTEOLOGIA
_PP35
_0COMPRA
_o.STAFF. Colección Teología
980 _81
_gALBERTO SANCHEZ Responsable de Automatización